5-Letter Frenzy (Same Letter Thrice) Quiz Stats

 Plays Quiz Updated Mar 9, 2020

Support Sporcle.
Go Orange.
Score 0/15 Timer 03:00
2 Plays Today
Letter 5-Letter Word % Correct
Dadded, daddy, duddy...
83.8%
Mmamma, mammy...
83.7%
Sasses, esses, sassy...
81.9%
Ppappi, pappy, peppy...
81.9%
Nnanny, ninny, ninon
77.2%
Bbibbs, bobby, bubba...
73.3%
Tstott, tatty, titty...
70.1%
Lallyl, lalls, lolls...
68.9%
Letter 5-Letter Word % Correct
Ffeoff, fluff, faffs
58.1%
Rerror, rarer
48.8%
Eeerie, emcee, emeer...
43.2%
Ccocci
14.7%
Aabaca, abaka, abaya...
8.6%
Gglogg
6.7%
Oovolo
2.2%

You're not logged in!

Compare scores with friends on all Sporcle quizzes.
OR
Log In

From the Vault

NFL Quarterbacks by College

by hscer

Now try to guess what each of their majors were.
Remove Ads.
Support Sporcle.
Get the best of Sporcle when you Go Orange. This ad-free experience offers more features, more stats, and more fun while also helping to support Sporcle. Thank you for becoming a member.

Show Comments

Extras

Top Quizzes Today


Score Distribution

Your Account Isn't Verified!

In order to create a playlist on Sporcle, you need to verify the email address you used during registration. Go to your Sporcle Settings to finish the process.

Report this User

Report this user for behavior that violates our Community Guidelines.

Details: